01142nam a2200241 i 4500001000700000003000900007005001700016008004100033080002000074100002800094245013000122246005000252250001200302260007600314300004800390490005900438505016800497546004300665700003200708710004900740830005900789852005200848184380ES-MaACL20230906222159.0150731s1985 mx |||| | lat d a821.124-14"-00"1 aOvidio Nasón, Publio.10aFastos. pLibros I-III / cPublio Ovidio Nasón ; introducción, versión rítmica y notas de José Quiñones Melgonza.31aPublii Ovidii Nasonis fastorum. pLibri I-III a1ª ed. aMéxico, D.F. : bUniversidad Nacional Autónoma de México, c1985. aXCVIII, 86 dupl., p. CI-CCXXXIII ; c21 cm.1 aBibliotheca scriptorum graecorum et romanorum mexicana8 aContiene: Introducción (p. VII-XCVIII) - ; tFastos de Ovidio (p. 86 dupl.) - Notas al texto latino (p. CI-CXXXII) - Notas al texto español (p. CXXXIII-CCXXXI) aTexto paralelo en latín y español.1 aQuiñones Melgoza, José.2 aUniversidad Nacional Autónoma de México.0 aBibliotheca scriptorum graecorum et romanorum mexicana aES-MaACLjL-30132 z.- Donat. Miguel A. Velasco